Journal of Phytopathology (Record no. 1987)
[ view plain ]
| 000 -LEADER | |
|---|---|
| fixed length control field | 00434nam a2200145Ia 4500 |
| 022 ## - INTERNATIONAL STANDARD SERIAL NUMBER | |
| ISSN | 0931-1785 |
| 245 #0 - TITLE STATEMENT | |
| Title | Journal of Phytopathology |
| 260 ## - PUBLICATION, DISTRIBUTION, ETC. (IMPRINT) | |
| Name of publisher | Paul Parey Scientific Publications, Berlin |
| Place of publication | Germany |
| 310 ## - CURRENT PUBLICATION FREQUENCY | |
| Current publication frequency | M |
| 500 ## - GENERAL NOTE | |
| General note | Ending Volume & Year: 142, 1994 |
| 500 ## - GENERAL NOTE | |
| General note | Missing Volume: 68;101(1);124-127;134-136 |
| 500 ## - GENERAL NOTE | |
| General note | Starting Volume & Year: 64, 1969 |
| 942 ## - ADDED ENTRY ELEMENTS (KOHA) | |
| Koha item type | Bound Journal |
| Withdrawn status | Lost status | Damaged status | Not for loan | Home library | Current library | Date acquired | Accession Number | Koha item type |
|---|---|---|---|---|---|---|---|---|
| Bound journals | RRII Library | RRII Library | 31/12/2021 | 01966J | Bound Journal |